[Event "SR 4. liga A21 2009/2010"]
[Site "?"]
[Date "2009.12.06"]
[Round "5.1"]
[White "Piestansky, Jan"]
[Black "Pericka, Pavol"]
[Result "1/2-1/2"]
[WhiteElo "1586"]
[BlackElo "1717"]
[PlyCount "76"]
[EventDate "2010.??.??"]

1. e4 e5 2. Nf3 Nc6 3. Bc4 Nd4 4. c3 Nxf3+ 5. Qxf3 Qf6 6. Qxf6 Nxf6 7. d3 Be7
8. Be3 b6 9. Nd2 Bb7 10. Nf3 d6 11. h3 O-O 12. O-O Kh8 13. Nh2 d5 14. exd5 Nxd5
15. Bb3 f5 16. Bxd5 Bxd5 17. f4 e4 18. d4 Bc4 19. Rfe1 Rf6 20. Nf1 Raf8 21. Kh2
Rg6 22. Bf2 Bd6 23. g3 h5 24. Ne3 Bd3 25. h4 c5 26. dxc5 Bxc5 27. Nd1 Bxf2 28.
Nxf2 Rd8 29. Rad1 Rgd6 30. Nxd3 Rxd3 31. Rxd3 Rxd3 32. Re2 Kg8 33. Kg2 Kf7 34.
Kf2 Ke6 35. Re3 Rd1 36. b3 Kd5 37. Re2 Rc1 38. Rd2+ Kc5 1/2-1/2

[Event "SR 4. liga A21 2009/2010"]
[Site "?"]
[Date "2009.12.??"]
[Round "5.1"]
[White "Skapik, Branislav"]
[Black "Pripko, Bystrik"]
[Result "1-0"]
[WhiteElo "1847"]
[BlackElo "1591"]
[PlyCount "116"]
[EventDate "2010.??.??"]

1. e4 e5 2. Nf3 Nc6 3. Bb5 a6 4. Ba4 b5 5. Bb3 Bc5 6. Nxe5 Bxf2+ 7. Kxf2 Nxe5
8. Rf1 d6 9. Kg1 Nf6 10. d4 Bg4 11. Qe1 Nc4 12. Bg5 Qe7 13. Bxc4 bxc4 14. e5
dxe5 15. dxe5 Qc5+ 16. Kh1 Nd7 17. Qe4 O-O 18. Qxg4 Nxe5 19. Qg3 Rae8 20. Nc3
Ng6 21. h4 Re5 22. Qf2 f6 23. Qxc5 Rxc5 24. Be3 Rh5 25. g3 Re8 26. Rae1 c6 27.
Bf2 Ne5 28. g4 Rh6 29. h5 g6 30. Be3 g5 31. Bd4 Rb8 32. Bxe5 fxe5 33. Rxe5 Rd6
34. Rxg5+ Kh8 35. Rf7 Re8 36. Kg2 Rd2+ 37. Rf2 Rdd8 38. Kg3 Re3+ 39. Rf3 Rxf3+
40. Kxf3 Rd2 41. Ne4 Rxc2 42. Nd6 h6 43. Rg6 Rxb2 44. Rxh6+ Kg7 45. Rg6+ Kf8
46. Nxc4 Rxa2 47. Rxc6 a5 48. Ra6 Ra4 49. Nxa5 Kf7 50. Ra7+ Kf6 51. Nc6 Rc4 52.
Ra6 Kg5 53. Ne5 Rc3+ 54. Ke4 Rc1 55. Rg6+ Kh4 56. h6 Kg3 57. h7 Rh1 58. Rg7
Re1+ 1-0

[Event "SR 4. liga A21 2009/2010"]
[Site "?"]
[Date "2009.12.06"]
[Round "5.1"]
[White "Spacek, Marcel"]
[Black "Prvy, Alojz"]
[Result "1-0"]
[WhiteElo "1585"]
[BlackElo "1535"]
[PlyCount "71"]
[EventDate "2010.??.??"]

1. d4 Nf6 2. c4 e6 3. Nc3 Bb4 4. Qc2 d5 5. Bg5 c5 6. e3 Nc6 7. a3 cxd4 8. axb4
dxc3 9. bxc3 h6 10. Bh4 g5 11. Bg3 Ne4 12. cxd5 exd5 13. Nf3 Qf6 14. Nd4 O-O
15. Bd3 Re8 16. O-O Bd7 17. Nb5 Rac8 18. Bxe4 dxe4 19. Nd6 Nxb4 20. Qb3 Qxc3
21. Qxc3 Rxc3 22. Nxe8 Bxe8 23. Rxa7 Bc6 24. h4 f6 25. Ra8+ Kg7 26. hxg5 hxg5
27. Kh2 Nd3 28. Bd6 b5 29. Ra7+ Kg6 30. Rc7 b4 31. g4 b3 32. Kg3 b2 33. Rh1 Rc1
34. Rhh7 f5 35. Bf8 b1=Q 36. Rh6# 1-0

[Event "SR 4. liga A21 2009/2010"]
[Site "?"]
[Date "2009.12.06"]
[Round "5.1"]
[White "Vagovic, Milan"]
[Black "Spacek, Oliver"]
[Result "1/2-1/2"]
[WhiteElo "1654"]
[BlackElo "1779"]
[PlyCount "54"]
[EventDate "2010.??.??"]

1. d4 Nf6 2. c4 e6 3. Nc3 Bb4 4. a3 Bxc3+ 5. bxc3 b6 6. Nf3 Bb7 7. Bg5 d6 8. e3
Nbd7 9. Bd3 h6 10. Bh4 g5 11. Bg3 Ne4 12. Qc2 f5 13. O-O Qe7 14. a4 a5 15. Rab1
h5 16. h3 h4 17. Bh2 Ndf6 18. c5 g4 19. hxg4 fxg4 20. Nd2 Qh7 21. f3 gxf3 22.
Rxf3 Rg8 23. Nxe4 Nxe4 24. Rf4 d5 25. c4 h3 26. g4 Qd7 27. cxb6 e5 1/2-1/2

[Event "SR 4. liga A21 2009/2010"]
[Site "?"]
[Date "2009.12.06"]
[Round "5.2"]
[White "Beran, Jan"]
[Black "Bjel, Jan"]
[Result "1/2-1/2"]
[WhiteElo "1690"]
[BlackElo "1837"]
[PlyCount "72"]
[EventDate "2010.??.??"]

1. d4 Nf6 2. c4 e6 3. Nc3 Be7 4. Nf3 b6 5. e3 Bb7 6. Be2 O-O 7. O-O d5 8. cxd5
Nxd5 9. Bd2 Nd7 10. a3 c5 11. dxc5 Nxc5 12. Rc1 Bf6 13. Nxd5 Bxd5 14. Nd4 Bxd4
15. exd4 Nb3 16. Rc3 Nxd2 17. Qxd2 Qd6 18. Rfc1 Rad8 19. Qe3 Ba8 20. Rd1 Rfe8
21. Qe5 Rd7 22. Qe3 Red8 23. Bb5 Qd5 24. Bf1 Qe4 25. Qxe4 Bxe4 26. f3 Ba8 27.
Bb5 Rd6 28. Rc7 a5 29. Kf2 g6 30. g4 Kg7 31. f4 Rd5 32. Bc4 R5d7 33. Rxd7 Rxd7
34. Ke3 Kf6 35. Rd3 Ke7 36. Rc3 Bd5 1/2-1/2

[Event "SR 4. liga A21 2009/2010"]
[Site "?"]
[Date "2009.12.06"]
[Round "5.2"]
[White "Blatnicky, Miroslav"]
[Black "Palka, Martin"]
[Result "1-0"]
[WhiteElo "2109"]
[BlackElo "1889"]
[PlyCount "77"]
[EventDate "2010.??.??"]

1. d4 Nf6 2. c4 d5 3. cxd5 Nxd5 4. e4 Nb6 5. Nc3 g6 6. Bd3 Bg7 7. Nge2 O-O 8.
Be3 Nc6 9. Bb5 Bd7 10. O-O a6 11. Bxc6 Bxc6 12. d5 Bd7 13. f4 Nc4 14. Bd4 e5
15. fxe5 Nxe5 16. Qd2 Qe7 17. Rad1 Rac8 18. Qf4 Qd6 19. b4 b6 20. a3 Nc4 21.
Bxg7 Qxf4 22. Rxf4 Kxg7 23. a4 Rce8 24. Nd4 Nd6 25. Re1 Nc4 26. b5 axb5 27.
Ncxb5 Rc8 28. e5 Bxb5 29. axb5 Na5 30. Ref1 Rce8 31. e6 f5 32. Rc1 Re7 33. Ra1
Rd8 34. Rxa5 bxa5 35. Nc6 Ree8 36. Nxd8 Rxd8 37. Rc4 Rxd5 38. Rxc7+ Kf8 39. b6
1-0

[Event "SR 4. liga A21 2009/2010"]
[Site "?"]
[Date "2009.12.06"]
[Round "5.2"]
[White "Kramarik, Peter"]
[Black "Tokos, Rastislav"]
[Result "1/2-1/2"]
[WhiteElo "2017"]
[BlackElo "1926"]
[PlyCount "75"]
[EventDate "2010.??.??"]

1. d4 d5 2. c4 Nf6 3. Nc3 Nc6 4. cxd5 Nxd5 5. e4 Nxc3 6. bxc3 e6 7. Bb5 Bd7 8.
Nf3 Ne7 9. Bd3 Ng6 10. O-O c5 11. d5 Bd6 12. Re1 Qc7 13. c4 Ne5 14. h3 Nxf3+
15. Qxf3 Be5 16. Rb1 O-O 17. Bb2 b6 18. Qh5 Bxb2 19. Rxb2 g6 20. Qg5 f6 21. Qh6
e5 22. h4 Be8 23. Re3 Qg7 24. Qxg7+ Kxg7 25. Bc2 Rf7 26. Ra3 Rb7 27. Ba4 Bxa4
28. Rxa4 Kf7 29. Ra6 Ke7 30. a4 Kd6 31. Rb5 Kc7 32. a5 Rbb8 33. axb6+ axb6 34.
Rbxb6 Rxb6 35. Rxa8 Rb1+ 36. Kh2 Rb4 37. Ra7+ Kd6 38. Ra6+ 1/2-1/2

[Event "SR 4. liga A21 2009/2010"]
[Site "?"]
[Date "2009.12.06"]
[Round "5.2"]
[White "Lanik, Miroslav"]
[Black "Jakubec, Milan"]
[Result "0-1"]
[WhiteElo "1745"]
[BlackElo "2039"]
[PlyCount "54"]
[EventDate "2010.??.??"]

1. e4 e5 2. Nf3 Nc6 3. Bb5 a6 4. Ba4 d6 5. d4 b5 6. Bb3 Nxd4 7. Nxd4 exd4 8.
Bd5 Rb8 9. Qxd4 Bd7 10. c3 Nf6 11. O-O Be7 12. Bf4 Nxd5 13. exd5 O-O 14. Re1 f5
15. b4 g5 16. Bc1 Bf6 17. Qd2 Re8 18. Bb2 Rxe1+ 19. Qxe1 Qf8 20. Na3 Re8 21.
Qd2 Qe7 22. Kf1 Qe5 23. g3 f4 24. Nc2 Qe4 25. Kg1 Bh3 26. Ne1 Qe2 27. Qxe2 Rxe2
0-1

[Event "SR 4. liga A21 2009/2010"]
[Site "?"]
[Date "2009.12.06"]
[Round "5.2"]
[White "Lanyi, Frantisek"]
[Black "Turza, Marian"]
[Result "1-0"]
[WhiteElo "1714"]
[BlackElo "1000"]
[PlyCount "71"]
[EventDate "2010.??.??"]

1. e4 c5 2. Nf3 d6 3. Bc4 Nf6 4. d3 a6 5. O-O Nc6 6. Nc3 e6 7. Bg5 Be7 8. a3
O-O 9. Re1 Qc7 10. h3 b5 11. Ba2 Rb8 12. b3 Bb7 13. Rb1 b4 14. axb4 Nxb4 15.
Rb2 d5 16. e5 Ne8 17. Bxe7 Qxe7 18. d4 f6 19. Ne2 cxd4 20. Nexd4 fxe5 21. Nxe5
Nc7 22. c3 Nxa2 23. Rxa2 Qd6 24. Qd3 Rbe8 25. Rae2 Rf6 26. Nef3 Rg6 27. Re5 Rf6
28. Ng5 g6 29. h4 Bc8 30. h5 h6 31. Ngf3 Kg7 32. hxg6 Rh8 33. Nh4 Bd7 34. g3 h5
35. f4 Qe7 36. Nhf5+ 1-0

[Event "SR 4. liga A21 2009/2010"]
[Site "?"]
[Date "2009.12.06"]
[Round "5.3"]
[White "Bardik, Jozef"]
[Black "Vach, Jozef"]
[Result "0-1"]
[WhiteElo "1813"]
[BlackElo "1907"]
[Annotator ",uzivatel"]
[PlyCount "93"]
[EventDate "2010.??.??"]

1. d4 Nf6 2. c4 e6 3. Nc3 d5 4. Bg5 Be7 5. e3 c6 6. Bd3 Nbd7 7. c5 e5 8. Nge2
O-O 9. O-O Re8 10. b4 Bf8 11. a4 h6 12. Bh4 g5 13. Bg3 Nh5 14. h3 Nxg3 15. fxg3
e4 16. Bc2 Re6 17. g4 Bg7 18. Ng3 Nf8 19. Nf5 Bh8 20. Nd6 Rf6 21. Qe2 Rb8 22.
Rxf6 Bxf6 23. Rf1 Be6 24. Qf2 Nd7 25. Ne2 b6 26. Ng3 bxc5 27. Nh5 cxd4 28. exd4
Rxb4 29. Nxf6+ Nxf6 30. Nf5 Qf8 31. Qd2 a5 32. h4 Nxg4 33. hxg5 Bxf5 34. Rxf5
Qd6 35. gxh6 Qh2+ 36. Kf1 Qh1+ 37. Ke2 Qxg2+ 38. Kd1 Qxd2+ 39. Kxd2 Rxd4+ 40.
Ke2 Nxh6 41. Rf6 Rc4 42. Bb3 Rb4 43. Rxc6 Nf5 44. Rc8+ Kg7 45. Bxd5 Ne7 46. Rc5
Nxd5 47. Rxd5 {v obidvoch partiaroch nasleduje tah 47...Jc3, pokial sa nehrali
holandany, je partia zjavne zle zapisana.} 0-1

[Event "SR 4. liga A21 2009/2010"]
[Site "?"]
[Date "2009.12.06"]
[Round "5.3"]
[White "Danihel, Jozef"]
[Black "Strapko, Tomas"]
[Result "0-1"]
[WhiteElo "1546"]
[BlackElo "1595"]
[Annotator ",uzivatel"]
[PlyCount "78"]
[EventDate "2010.??.??"]

1. e4 c5 2. Nf3 d6 3. c4 Nf6 4. Nc3 e6 5. b3 Nc6 6. Bb2 e5 7. Qc2 Be7 8. Be2
O-O 9. h3 Nd4 10. Nxd4 cxd4 11. Nd5 Nxd5 12. cxd5 Bd7 13. O-O a6 14. d3 Rc8 15.
Qd2 Bg5 16. Qb4 Rc2 17. Ba3 Rxe2 18. Qxd6 Re8 19. Qc5 Be7 20. d6 Bf6 21. Rfc1
Bg5 22. Rc4 Bb5 23. Rb4 Qc8 24. Qd5 Qd7 25. Rxb5 axb5 26. Bb4 h6 27. a4 Bd2 28.
Bxd2 Rxd2 29. Rc1 Rd8 30. Rc7 Qe6 31. Qxb7 Qf6 32. f3 Qf4 33. Rc8 Qe3+ 34. Kh2
Qf4+ 35. Kg1 Rd1+ 36. Kf2 Qe3+ 37. Kg3 h5 38. Rxd8+ Kh7 39. Qxf7 Qe1+ {
biely prekrocil cas} 0-1

[Event "SR 4. liga A21 2009/2010"]
[Site "?"]
[Date "2009.12.06"]
[Round "5.3"]
[White "Kubik, Peter"]
[Black "Nedorost, Lubomir"]
[Result "1-0"]
[WhiteElo "1583"]
[BlackElo "1620"]
[PlyCount "55"]
[EventDate "2010.??.??"]

1. e4 c5 2. Nf3 Nc6 3. d4 cxd4 4. Nxd4 d6 5. Nc3 Nf6 6. Bg5 a6 7. f4 Qb6 8. Nb3
Bg4 9. Be2 Bxe2 10. Qxe2 Nd4 11. Nxd4 Qxb2 12. O-O Qxc3 13. Rad1 g6 14. e5 dxe5
15. fxe5 Nd5 16. Rd3 Qc5 17. Qf3 O-O-O 18. Kh1 h6 19. Bh4 Bg7 20. Bf2 Qb6 21.
Nf5 Qe6 22. Nxg7 Qxe5 23. Bd4 Qd6 24. Nf5 gxf5 25. Bxh8 Rxh8 26. Rxd5 Qb6 27.
Qc3+ Qc6 28. Qxh8+ 1-0

[Event "SR 4. liga A21 2009/2010"]
[Site "?"]
[Date "2009.12.06"]
[Round "5.3"]
[White "Kubis, Ivan"]
[Black "Gono, Michal"]
[Result "1/2-1/2"]
[WhiteElo "2025"]
[BlackElo "1852"]
[PlyCount "94"]
[EventDate "2010.??.??"]

1. e4 c6 2. d4 d5 3. Nc3 dxe4 4. Nxe4 Bf5 5. Ng3 Bg6 6. h4 h6 7. Nf3 Nd7 8. h5
Bh7 9. Bd3 Bxd3 10. Qxd3 Qc7 11. Bd2 e6 12. O-O-O O-O-O 13. Ne4 Ngf6 14. g3 Nc5
15. Nxc5 Bxc5 16. c4 Bd6 17. Qe2 c5 18. Bc3 a6 19. Kb1 Rhe8 20. Rc1 Kb8 21.
dxc5 Qxc5 22. Ne5 Bxe5 23. Bxe5+ Kc8 24. f4 Rd7 25. Rhd1 Red8 26. Rxd7 Rxd7 27.
g4 Ne8 28. a3 f6 29. Bc3 Qd6 30. Qe3 Qd3+ 31. Qxd3 Rxd3 32. Rg1 Rh3 33. Kc2 Kd7
34. Bb4 f5 35. gxf5 exf5 36. Rd1+ Kc6 37. Re1 Nf6 38. Re6+ Kc7 39. Re7+ Kc8 40.
Rxg7 Nxh5 41. Rf7 Rh2+ 42. Kc3 Ng3 43. Rf8+ Kc7 44. Rf7+ Kc8 45. Rf8+ Kc7 46.
Rf7+ Kc8 47. Rf8+ Kc7 1/2-1/2

[Event "SR 4. liga A21 2009/2010"]
[Site "?"]
[Date "2009.12.06"]
[Round "5.3"]
[White "Nemsak, Denis"]
[Black "Planka, Peter"]
[Result "1/2-1/2"]
[WhiteElo "1645"]
[BlackElo "1776"]
[PlyCount "95"]
[EventDate "2010.??.??"]

1. c4 e6 2. Nc3 Nf6 3. e4 d6 4. d4 Be7 5. g3 O-O 6. Bg2 c5 7. Nge2 e5 8. dxe5
dxe5 9. Nd5 Nc6 10. O-O Nxd5 11. exd5 Nd4 12. Nxd4 exd4 13. Re1 Bf6 14. Qb3 b6
15. Qd3 Bb7 16. Bh3 Re8 17. Bd2 Ba6 18. b3 Bc8 19. Rxe8+ Qxe8 20. Re1 Qf8 21.
Bg2 Bd7 22. Be4 g6 23. Qf3 Qd6 24. Bf4 Be5 25. Bg5 Re8 26. Bd3 Kg7 27. Qd1 h6
28. Bd2 Qf6 29. f4 Bd6 30. Rxe8 Bxe8 31. Qg4 Qe7 32. f5 Bd7 33. Qf3 Qe5 34. f6+
Kh7 35. Kf2 Bf5 36. Bxf5 Qxf5 37. Qxf5 gxf5 38. Kf3 h5 39. Bf4 Bxf4 40. Kxf4
Kg6 41. h3 Kxf6 42. a3 Ke7 43. Kf3 a5 44. a4 Kd7 45. Kf4 Kd6 46. h4 f6 47. Kf3
Ke5 48. Ke2 1/2-1/2

[Event "SR 4. liga A21 2009/2010"]
[Site "?"]
[Date "2009.12.06"]
[Round "5.4"]
[White "Gasa, Patrik"]
[Black "Drabek, Martin"]
[Result "1-0"]
[WhiteElo "1465"]
[BlackElo "1449"]
[PlyCount "77"]
[EventDate "2010.??.??"]

1. d4 d5 2. c4 Nf6 3. Nf3 Bg4 4. e3 e6 5. Bd3 Nc6 6. h3 Bh5 7. O-O Bd6 8. Nc3
O-O 9. cxd5 Nxd5 10. e4 Nf4 11. Bc2 e5 12. Bxf4 exf4 13. Qd3 Nb4 14. Qd2 Nxc2
15. Qxc2 Bxf3 16. gxf3 Qg5+ 17. Kh2 Rfe8 18. Rg1 Qh5 19. Qe2 Re6 20. e5 Rh6 21.
Qf1 Be7 22. Nd5 Bd8 23. Qg2 Rg6 24. Qh1 Qf5 25. Rxg6 hxg6 26. Qd1 c6 27. Nc3
Bb6 28. Ne4 Rd8 29. Nd6 Qd7 30. Qd2 g5 31. Rd1 f6 32. Qc3 fxe5 33. dxe5 Bxf2
34. Qb3+ Kh7 35. Qc2+ g6 36. Qxf2 Qe7 37. Qxa7 Qxe5 38. Qxb7+ Kh6 39. Nf7+ 1-0

[Event "SR 4. liga A21 2009/2010"]
[Site "?"]
[Date "2009.12.06"]
[Round "5.4"]
[White "Leska, Marian"]
[Black "Diviak, Rudolf"]
[Result "0-1"]
[WhiteElo "1668"]
[BlackElo "1893"]
[PlyCount "120"]
[EventDate "2010.??.??"]

1. d4 Nf6 2. c4 d6 3. Nc3 g6 4. e4 Bg7 5. f4 Nbd7 6. Nf3 c5 7. d5 O-O 8. Be2
Qa5 9. O-O a6 10. Qc2 Ne8 11. Bd2 Qc7 12. Rad1 Ndf6 13. a3 Ng4 14. h3 Nh6 15.
Qc1 f5 16. e5 e6 17. exd6 Nxd6 18. Ne5 Nhf7 19. Nxf7 Qxf7 20. Be3 b6 21. Bf2
Re8 22. Rfe1 Ra7 23. Bf1 e5 24. fxe5 Bxe5 25. Bd3 Bd7 26. Qd2 Raa8 27. Ne2 Qf6
28. b3 Rf8 29. Rf1 a5 30. a4 Rf7 31. Qh6 Raf8 32. Bh4 Qg7 33. Bg5 f4 34. Rf3
Bf5 35. Qxg7+ Kxg7 36. Bh4 Bxd3 37. Rdxd3 Ne4 38. Rd1 g5 39. Be1 h5 40. Bc3
Nxc3 41. Nxc3 g4 42. hxg4 hxg4 43. Rfd3 Bd4+ 44. Kf1 Rh8 45. Nb5 Rh1+ 46. Ke2
Re7+ 47. Kd2 Rh2 48. Nxd4 Rxg2+ 49. Kc3 cxd4+ 50. Kxd4 f3 51. d6 Rd7 52. Kd5 f2
53. Kc6 Rd8 54. Kc7 Rf8 55. d7 Rg1 56. d8=Q Rxd8 57. Rxd8 Rxd1 58. Rxd1 g3 59.
Kxb6 g2 60. c5 g1=Q 0-1

[Event "SR 4. liga A21 2009/2010"]
[Site "?"]
[Date "2009.12.06"]
[Round "5.4"]
[White "Nemeckay, Rastislav"]
[Black "Bartos, Bohumil"]
[Result "1-0"]
[WhiteElo "1780"]
[BlackElo "1572"]
[PlyCount "23"]
[EventDate "2010.??.??"]

1. e4 e5 2. Nc3 Nc6 3. Bc4 Bc5 4. Qg4 Qf6 5. Nd5 Qxf2+ 6. Kd1 Kf8 7. Nh3 Qd4 8.
d3 Na5 9. c3 d6 10. Qf3 Nh6 11. Bxh6 Nxc4 12. cxd4 1-0

[Event "SR 4. liga A21 2009/2010"]
[Site "?"]
[Date "2009.12.06"]
[Round "5.4"]
[White "Nemeckayova, Monika"]
[Black "Vogl, Zdenek"]
[Result "1/2-1/2"]
[WhiteElo "1751"]
[BlackElo "1887"]
[PlyCount "92"]
[EventDate "2010.??.??"]

1. d4 e6 2. c4 Nf6 3. Nc3 Bb4 4. Qc2 b6 5. a3 Bxc3+ 6. Qxc3 h6 7. f3 d5 8. e3
Bb7 9. Bd3 O-O 10. Ne2 Nh5 11. O-O Nd7 12. b4 c5 13. dxc5 bxc5 14. b5 Nhf6 15.
Bb2 Qc7 16. cxd5 exd5 17. Bf5 Rad8 18. Rfc1 Rfe8 19. Ng3 Qb6 20. Bxd7 Rxd7 21.
Qxc5 Qxc5 22. Rxc5 Rxe3 23. Bxf6 gxf6 24. Nf5 Re2 25. Nxh6+ Kh7 26. Nf5 d4 27.
Rd1 d3 28. Rc3 Re5 29. Ng3 d2 30. Kf1 Rxb5 31. Ke2 Ba6 32. Ne4 Rb1+ 33. Ke3 Rd8
34. Rxb1 d1=Q 35. Rxd1 Rxd1 36. Nxf6+ Kg7 37. Nh5+ Kf8 38. Rc7 Rd3+ 39. Kf2
Rd2+ 40. Kg3 Bf1 41. Nf4 a6 42. h4 Rb2 43. a4 Rb4 44. Rc1 Bc4 45. Ra1 a5 46. h5
Kg7 1/2-1/2

[Event "SR 4. liga A21 2009/2010"]
[Site "?"]
[Date "2009.12.06"]
[Round "5.4"]
[White "Zlamal, Marek"]
[Black "Pagerka, Slavomir"]
[Result "1-0"]
[WhiteElo "1505"]
[BlackElo "1736"]
[PlyCount "91"]
[EventDate "2010.??.??"]

1. e4 e5 2. c4 Bc5 3. Nf3 Nc6 4. d3 d6 5. a3 a5 6. Be2 Nge7 7. Nc3 Nd4 8. Rb1
Nxf3+ 9. Bxf3 Bd4 10. O-O c5 11. Nb5 O-O 12. Bg5 f6 13. Bd2 Nc6 14. Kh1 b6 15.
Bh5 Ba6 16. f4 Bxb5 17. cxb5 Na7 18. f5 Nxb5 19. Qb3+ Kh8 20. Qxb5 Qc7 21. Rf3
Rad8 22. Rh3 Rd7 23. Bg6 h6 24. Bxh6 gxh6 25. Rxh6+ Kg8 26. Qc4+ Rff7 27. Bxf7+
Rxf7 28. Rf1 Kg7 29. Rg6+ Kf8 30. Rf3 Qd7 31. Rh3 d5 32. Qa6 dxe4 33. Rh8+ Ke7
34. Rgg8 c4 35. Re8+ Kd6 36. Qxc4 Qxf5 37. Rd8+ Rd7 38. Rxd7+ Qxd7 39. dxe4 Qe7
40. Rc8 Qb7 41. Rf8 Bc5 42. Rxf6+ Kd7 43. Rf7+ Be7 44. Qd5+ Qxd5 45. exd5 e4
46. Kg1 1-0

[Event "SR 4. liga A21 2009/2010"]
[Site "?"]
[Date "2009.12.06"]
[Round "5.5"]
[White "Bajanik, Samuel"]
[Black "Bajcar, Pavol"]
[Result "0-1"]
[WhiteElo "1000"]
[BlackElo "1426"]
[PlyCount "56"]
[EventDate "2010.??.??"]

1. e4 e6 2. d4 d5 3. exd5 exd5 4. Nc3 c6 5. Bd3 Bd6 6. Nf3 Nf6 7. O-O O-O 8.
Bg5 Bg4 9. Re1 Nbd7 10. Na4 Qc7 11. g3 Rfe8 12. Re3 h6 13. Bxf6 Nxf6 14. c4
Rxe3 15. fxe3 Bxg3 16. Qe2 Bxh2+ 17. Qxh2 Qa5 18. cxd5 Bxf3 19. Nc5 b6 20. Qc7
Qd2 21. Bf1 Qxe3+ 22. Kh2 Ng4+ 23. Kh3 Bxd5+ 24. Kxg4 Qxd4+ 25. Qf4 Qxc5 26.
Re1 Qg1+ 27. Kh3 Be6+ 28. Kh4 g5+ 0-1

[Event "SR 4. liga A21 2009/2010"]
[Site "?"]
[Date "2009.12.06"]
[Round "5.5"]
[White "Bjel, Lubos"]
[Black "Sedlak, Rastislav"]
[Result "1-0"]
[WhiteElo "1621"]
[BlackElo "1562"]
[PlyCount "125"]
[EventDate "2010.??.??"]

1. e4 e5 2. Nf3 Nc6 3. Bc4 Nf6 4. d3 Bc5 5. c3 O-O 6. Bg5 h6 7. Bh4 d6 8. Nbd2
Bg4 9. Qc2 a6 10. O-O-O Re8 11. h3 Be6 12. Bxe6 Rxe6 13. Nb3 Ba7 14. g4 g5 15.
Bg3 b5 16. h4 Nxg4 17. hxg5 hxg5 18. Rh5 Rg6 19. Rdh1 Kg7 20. Rh7+ Kf6 21. Nxg5
Rg7 22. Bh4 Qg8 23. Qe2 Nxf2 24. Bxf2 Bxf2 25. Qxf2+ Ke7 26. Rxg7 Qxg7 27. Qf5
Rg8 28. Rh5 Qg6 29. Qxg6 Rxg6 30. Nd2 Kf6 31. Ndf3 Rg7 32. Rh6+ Ke7 33. Rh7
Rxh7 34. Nxh7 f6 35. Nh4 Kf7 36. Nf5 Ne7 37. Nxe7 Kxe7 38. Kc2 c5 39. Kb3 a5
40. a4 b4 41. Kc4 bxc3 42. bxc3 Kf7 43. Kb5 Kg7 44. Nxf6 Kxf6 45. Kxa5 Ke6 46.
Kb6 d5 47. exd5+ Kxd5 48. a5 c4 49. dxc4+ Kxc4 50. a6 Kxc3 51. a7 e4 52. a8=Q
e3 53. Qe4 Kd2 54. Qd4+ Ke2 55. Kc5 Kf3 56. Qd3 Kf2 57. Qf5+ Ke1 58. Kd4 e2 59.
Kd3 Kd1 60. Qf3 Kc1 61. Qxe2 Kb1 62. Kc3 Ka1 63. Qb2# 1-0

[Event "SR 4. liga A21 2009/2010"]
[Site "?"]
[Date "2009.12.06"]
[Round "5.5"]
[White "Gubis, Vladimir"]
[Black "Lajda, Dusan"]
[Result "1/2-1/2"]
[WhiteElo "1786"]
[BlackElo "1872"]
[PlyCount "127"]
[EventDate "2010.??.??"]

1. d4 d5 2. Bf4 e6 3. Nf3 Nf6 4. h3 c5 5. e3 Qb6 6. b3 cxd4 7. exd4 Nc6 8. Be2
Ne4 9. c3 Be7 10. O-O O-O 11. a4 a5 12. Nfd2 Bd6 13. Be3 f5 14. Nxe4 fxe4 15.
c4 Bb8 16. Nc3 Nb4 17. Nb5 Bd7 18. c5 Qd8 19. g3 Qf6 20. Kg2 e5 21. Qd2 Qg6 22.
Rad1 Bc6 23. Kh2 Bd7 24. Kg2 h5 25. Rh1 h4 26. g4 Nd3 27. Rdg1 exd4 28. Nxd4
Be5 29. Bxd3 exd3 30. f3 Rae8 31. Re1 Qf6 32. g5 Qf7 33. Rhf1 Bxd4 34. Bxd4 Qf5
35. Kg1 Qxh3 36. Qg2 Qf5 37. Qd2 Rxe1 38. Qxe1 Qxg5+ 39. Kh1 Qf5 40. Qxh4 d2
41. Qg3 Qh3+ 42. Qxh3 Bxh3 43. Rd1 Rxf3 44. Rxd2 Rxb3 45. Be5 Bf5 46. Bd6 Rc3
47. Rd1 Be4+ 48. Kg1 Rc4 49. Rf1 Rxa4 50. Rf8+ Kh7 51. Rf7 Ra1+ 52. Kf2 Rb1 53.
Be5 a4 54. Rxg7+ Kh6 55. Rg3 Rb3 56. Rxb3 axb3 57. Bb2 Kg5 58. Ke3 Kf5 59. Bc3
Ke6 60. Kd4 Kd7 61. Bb2 Kc6 62. Ba3 Kb5 63. Bb2 Kb4 64. Bc1 1/2-1/2

[Event "SR 4. liga A21 2009/2010"]
[Site "?"]
[Date "2009.12.06"]
[Round "5.5"]
[White "Orvisky, Vladimir"]
[Black "Krchnak, Rudolf"]
[Result "1-0"]
[WhiteElo "1883"]
[BlackElo "1914"]
[PlyCount "57"]
[EventDate "2010.??.??"]

1. c4 f5 2. d4 Nf6 3. Nf3 g6 4. Nc3 Bg7 5. g3 O-O 6. Bg2 d6 7. O-O Qe8 8. Bf4
Na6 9. Qd2 c6 10. Bh6 Qf7 11. Bxg7 Kxg7 12. b3 Re8 13. d5 c5 14. Ng5 Qg8 15. e4
Nc7 16. f4 fxe4 17. Ncxe4 h6 18. Qc3 hxg5 19. fxg5 Rf8 20. gxf6+ Kf7 21. Ng5+
Ke8 22. Rae1 e5 23. dxe6 Nxe6 24. Bd5 Kd8 25. Nxe6+ Bxe6 26. Rxe6 Qh8 27. Rxd6+
Kc7 28. Qe5 Rac8 29. Rc6+ 1-0

[Event "SR 4. liga A21 2009/2010"]
[Site "?"]
[Date "2009.12.06"]
[Round "5.5"]
[White "Smrek, Peter"]
[Black "Siska, Michal"]
[Result "0-1"]
[WhiteElo "1919"]
[BlackElo "1607"]
[PlyCount "86"]
[EventDate "2010.??.??"]

1. e4 e6 2. d4 d5 3. Nc3 c6 4. e5 Ne7 5. f4 Nf5 6. Nf3 c5 7. Bb5+ Bd7 8. O-O
Nc6 9. dxc5 Bxc5+ 10. Kh1 a6 11. Bd3 Nce7 12. Qe2 g6 13. g4 Ng7 14. Be3 Bxe3
15. Qxe3 h5 16. g5 Nef5 17. Qf2 Qe7 18. Qb6 Bc6 19. Nd4 Nxd4 20. Qxd4 b5 21.
Kg1 Qa7 22. Ne2 Kd7 23. Rfd1 h4 24. h3 Nh5 25. c3 Rhb8 26. Kf2 b4 27. Kf3 bxc3
28. bxc3 Qxd4 29. cxd4 Bb5 30. Bxb5+ Rxb5 31. Rab1 Rab8 32. Rxb5 Rxb5 33. Rd3
Ra5 34. a3 Rb5 35. Kg4 Rb2 36. Re3 Ng7 37. Kf3 Nf5 38. Rd3 a5 39. Nc1 Rh2 40.
Kg4 Rg2+ 41. Kf3 Rh2 42. Kg4 a4 43. Rc3 Rg2+ 0-1

[Event "SR 4. liga A21 2009/2010"]
[Site "?"]
[Date "2009.12.06"]
[Round "5.6"]
[White "Bollo, Lubomir"]
[Black "Wallner, Juraj"]
[Result "0-1"]
[WhiteElo "1518"]
[BlackElo "1415"]
[PlyCount "112"]
[EventDate "2010.??.??"]

1. d4 d5 2. c4 e6 3. a3 c5 4. Nc3 dxc4 5. Nf3 Nc6 6. Bg5 Nf6 7. d5 exd5 8. Nxd5
Qxd5 9. Qa4 Be7 10. e3 Be6 11. Be2 O-O 12. Rd1 Qf5 13. Bxc4 Bxc4 14. Qxc4 Ne5
15. Qe2 Nxf3+ 16. Qxf3 Qxg5 17. O-O b6 18. Qb7 Rfe8 19. h3 Qe5 20. Rd2 Reb8 21.
Qc6 Rd8 22. Rfd1 Rac8 23. Qb7 Rb8 24. Qc6 Rxd2 25. Rxd2 Rd8 26. Rxd8+ Bxd8 27.
g3 Qd5 28. Qc8 Qd7 29. Qb8 h6 30. Kg2 Ne4 31. Qf4 f5 32. h4 g5 33. hxg5 hxg5
34. Qf3 Qd5 35. Qh5 Nf6+ 36. Qf3 Qxf3+ 37. Kxf3 Kf7 38. b3 b5 39. Ke2 c4 40.
bxc4 bxc4 41. Kd2 Ne4+ 42. Kc2 Ba5 43. f3 Nc3 44. g4 fxg4 45. fxg4 Nd5 46. e4
Ne3+ 47. Kb2 c3+ 48. Kc1 Nxg4 49. Kc2 Ne3+ 50. Kc1 g4 51. e5 g3 52. e6+ Ke7 53.
Kb1 g2 54. Ka2 g1=Q 55. Kb3 Qd1+ 56. Ka2 Qc2+ 0-1

[Event "SR 4. liga A21 2009/2010"]
[Site "?"]
[Date "2009.12.06"]
[Round "5.6"]
[White "Damborsky, Pavol"]
[Black "Klimesova, Lucia"]
[Result "1/2-1/2"]
[WhiteElo "1667"]
[BlackElo "1522"]
[PlyCount "46"]
[EventDate "2010.??.??"]

1. c4 e5 2. Nc3 Bc5 3. e3 Nc6 4. Nge2 d6 5. a3 Be6 6. b3 d5 7. cxd5 Bxd5 8.
Nxd5 Qxd5 9. Nc3 Qd6 10. Ne4 Qe7 11. Bc4 Nf6 12. Nxc5 Qxc5 13. O-O O-O 14. Bb2
Rad8 15. Rc1 Qd6 16. Rc2 a6 17. Qf3 Na5 18. d4 e4 19. Qd1 b5 20. Be2 Nxb3 21.
Rc3 Na5 22. Qc2 c6 23. Rc1 Rc8 1/2-1/2

[Event "SR 4. liga A21 2009/2010"]
[Site "?"]
[Date "2009.12.06"]
[Round "5.6"]
[White "Jozefovic, Milan"]
[Black "Cerovsky, Marian"]
[Result "0-1"]
[WhiteElo "1904"]
[BlackElo "1732"]
[PlyCount "84"]
[EventDate "2010.??.??"]

1. e4 e6 2. Nf3 Nc6 3. d4 d5 4. e5 a6 5. a3 Nce7 6. Bd3 Ng6 7. b4 Bd7 8. Qe2 b5
9. O-O Nh4 10. Nxh4 Qxh4 11. c3 c6 12. Nd2 a5 13. Nf3 Qd8 14. Bd2 a4 15. Ng5 g6
16. Qf3 Qe7 17. Nh3 Bh6 18. Nf4 Bxf4 19. Bxf4 g5 20. Bd2 h5 21. Qe3 g4 22. f4
Nh6 23. Rae1 O-O-O 24. Qe2 Rdg8 25. Bc2 Kd8 26. Be3 h4 27. Qd2 Bc8 28. Qd1 Bd7
29. Qc1 Bc8 30. Rd1 Ke8 31. Qd2 Kd8 32. c4 dxc4 33. f5 Nxf5 34. Bxf5 exf5 35.
d5 cxd5 36. Qxd5+ Ke8 37. Qxb5+ Bd7 38. Bc5 Bxb5 39. Bxe7 Kxe7 40. Rxf5 Bd7 41.
Rxf7+ Kxf7 42. Rxd7+ Ke6 0-1